STRATEGIC MANAGEMENT OF HEALTH CARE ORGANIZATIONS (Registro nro. 54326)
[ vista simple ]
| 000 -LEADER | |
|---|---|
| fixed length control field | 01102nam a2200205 a 4500 |
| 001 - CONTROL NUMBER | |
| control field | 54326 |
| 005 - DATE AND TIME OF LATEST TRANSACTION | |
| control field | 20180714045101.0 |
| 008 - FIXED-LENGTH DATA ELEMENTS--GENERAL INFORMATION | |
| fixed length control field | 140415s2009 xxk 000 0 eng d |
| 020 ## - INTERNATIONAL STANDARD BOOK NUMBER | |
| International Standard Book Number | 9781405179188 |
| 041 ## - LANGUAGE CODE | |
| Language code of text/sound track or separate title | eng |
| 082 ## - DEWEY DECIMAL CLASSIFICATION NUMBER | |
| Classification number | 658.4012 |
| Item number | SWA |
| 100 1# - MAIN ENTRY--PERSONAL NAME | |
| Personal name | SWAYNE LINDA E. |
| 245 10 - TITLE STATEMENT | |
| Title | STRATEGIC MANAGEMENT OF HEALTH CARE ORGANIZATIONS |
| 250 ## - EDITION STATEMENT | |
| Edition statement | 6a ed. |
| 260 ## - PUBLICATION, DISTRIBUTION, ETC. | |
| Place of publication, distribution, etc. | GRAN BRETAÑA : |
| Name of publisher, distributor, etc. | JOHN WILEY AND SONS, INC., |
| Date of publication, distribution, etc. | 2009 |
| 300 ## - PHYSICAL DESCRIPTION | |
| Extent | 869 |
| Dimensions | 19.7 x 4.7 x 25.3 |
| 520 ## - SUMMARY, ETC. | |
| Summary, etc. | THE SIXTH EDITION OF THIS CLASSIC STRATEGIC MANGEMENT TEXT PROVIDES UP-TO-DATE AND CONSCISE COVERAGE OF ALL THE ESSENTIAL AREAS OF STRATEGIC THINKING, STRATEGIC PLANNING, AND MANGING STRATEGIC MOMENTUM, TN THIS EDITION, THE AUTHORS HAVE COMPREHENSIVELY ADDRESSED ISSUE ASSESSMENT IN THE HEALTH CARE ENVIRONMENT, SERVICE AREA COMPETITOR ANALYSIS, INTERNAL ORGANIZATIONAL ANLYSIS, DEVELOPMENT OF DIRECTIONAL STRATEGIES, STRATEGY FORMULATION, AND STRATEGY IMPLEMENTATION. |
| 650 14 - SUBJECT ADDED ENTRY--TOPICAL TERM | |
| Topical term or geographic name entry element | ADMINISTRACION DE SERVICIOS DE SALUD |
| General subdivision | PLANEACION ESTRATEGICA |
| 700 1# - ADDED ENTRY--PERSONAL NAME | |
| Personal name | DUNCAN, W. JACK -GINTER, PETER M. |
| Relator term | coaut. |
| Withdrawn status | Lost status | Source of classification or shelving scheme | Damaged status | Not for loan | Collection code | Home library | Current library | Shelving location | Date acquired | Source of acquisition | Inventory number | Total Checkouts | Full call number | Barcode | Date last seen | Price effective from | Koha item type |
|---|---|---|---|---|---|---|---|---|---|---|---|---|---|---|---|---|---|
| Dewey Decimal Classification | General | Biblioteca Karol Wojtyla | Biblioteca Karol Wojtyla | Sala general | 03/12/2013 | Compra | 151000000000000000014302 | 658.4012 SWA | 81147 | 05/01/2026 | 03/12/2013 | Libro | |||||
| Dewey Decimal Classification | General | Biblioteca Karol Wojtyla | Biblioteca Karol Wojtyla | Sala general | 03/12/2013 | Compra | 151000000000000000014303 | 658.4012 SWA | 81148 | 05/01/2026 | 03/12/2013 | Libro | |||||
| Dewey Decimal Classification | General | Biblioteca Karol Wojtyla | Biblioteca Karol Wojtyla | Sala general | 03/12/2013 | Compra | 151000000000000000014304 | 658.4012 SWA | 81149 | 27/01/2026 | 03/12/2013 | Libro |